Science Quiz

Random Science or Animal Quiz

Animals from Fruits and Vegetables Quiz Stats

 Plays Quiz Updated Nov 8, 2019

Score 0/20 Timer 03:00
81 Plays Today
Hint Answer % Correct
Crab
98.1%
Bear
97.8%
Owl
97.4%
Dolphin
97.3%
Mice
97.1%
Sheep
97.1%
Shark
96.8%
Elephant
96.7%
Pig
96.5%
Giraffe
96.4%
Hint Answer % Correct
Turtle
96.4%
Fish
96.3%
Dog
96.3%
Whale
96.1%
Penguins
96.1%
Snail
95.8%
Seal
95.5%
Toucan
93.4%
Cat
92%
Skunk
86.9%

You're not logged in!

Compare scores with friends on all Sporcle quizzes.
OR
Log In

Sporcle TV

Today on Sporcle TV


Watch our educational content, quiz creation guides, and fun videos on Sporcle TV.

Show Comments

Extras

Top Quizzes Today


Score Distribution

Your Account Isn't Verified!

In order to create a playlist on Sporcle, you need to verify the email address you used during registration. Go to your Sporcle Settings to finish the process.

Report this User

Report this user for behavior that violates our Community Guidelines.

Details: